000 01466cam a2200325 i 4500
003 SA-RiAUC
005 20250825061428.0
008 250821s2003 ts g 00100 ara c
020 _a9953360987
040 _aSA-RiAUC
_bara
_cSA-RiAUC
_erda
043 _aa-su---
_aawgz---
082 0 4 _a915.31204
090 _a915.31204
_bا ب ن ع
100 1 _aابن عثمان، محمد بن عبد الوهاب بن عثمان،
_dتوفي 1213 هجري
_eمؤلف.
245 1 0 _aرحلة المكناسي :
_bإحراز المعلى والرقيب في حج بيت الله الحرام وزيارة القدس الشريف والخليل والتبرك بقبر الحبيب 1785 /
_cمحمد بن عبد الوهاب المكناسي ؛ حققه وقدم لها محمد بو كبوط.
250 _aالطبعة الأولى.
264 1 _aأبو ظبي :
_bدار السويدي،
_c2003
300 _a421 صفحة ؛
_c24 سم
336 _aنص
_btxt
_2rdacontent
_3كتاب
337 _aبدون وسيط
_bn
_2rdamedia
338 _aمجلد
_bnc
_2rdacarrier
500 _aيشتمل على كشافات.
650 7 _aالحج
_2aucsh
651 7 _aمكة المكرمة
_xوصف ورحلات
_2aucsh
651 7 _aالمدينة المنورة
_xوصف ورحلات
_2aucsh
651 7 _aالقدس
_xوصف ورحلات
_2aucsh
700 1 _aبوكبوط، محمد
_eمحقق.
942 _2ddc
_cBOOK
_n0
949 _aSA-JeALM
_d250821
_umohamedma123
_n1
999 _c11078
_d11078